[Event "XXXIX Benasque Open 2019"]
[Site "Benasque"]
[Date "2019.07.04"]
[Round "1.1"]
[White "Piorun, Kacper"]
[Black "Nogues Fernandez, Ramon"]
[Result "1-0"]
[WhiteElo "2656"]
[BlackElo "1977"]
[Annotator "TA"]
[PlyCount "45"]
[EventDate "2019.07.04"]
[EventType "swiss"]
[EventCountry "ESP"]
[SourceTitle "playchess.com"]
[Source "ChessBase"]
[SourceQuality "1"]

{[%evp 9,45,-8,0,0,16,20,90,10,55,0,0,0,4,0,73,70,75,72,90,63,130,112,120,112,183,182,219,221,286,296,495,487,586,586,1071,1006,29992,29993]} 1. d4 Nf6 2. Bf4 g6 3. Nc3 d5 4. e3 Bg7 5. h4 c6 6. Nf3 {A45: Trompowsky Attack} Qa5 $146 ({Predecessor:} 6... Bg4 7. Be2 Nbd7 8. Ne5 Bxe2 9. Qxe2 h5 10. O-O-O Qa5 11. Kb1 {1-0 (44) Karjakin,S (2781)-Giri,A (2771) Stavanger 2017}) 7. Qd2 b5 (7... Nbd7 $11 {remains equal.}) 8. a3 ({White should play} 8. a4 $16) 8... Nbd7 9. Be2 (9. b4 $14 Qd8 10. a4) 9... Qb6 $11 10. Ne5 Nxe5 11. Bxe5 Ne4 (11... h5 $1 $11) 12. Nxe4 $16 Bxe5 13. dxe5 {And now Ng5 would win.} dxe4 14. h5 Be6 ({Better is} 14... Bf5 $14) 15. Qb4 Bd5 {[#]} 16. e6 $1 {[%mdl 512]} O-O-O (16... a5 $16 17. Qc3 f6) (16... Bxe6 17. hxg6) 17. exf7 $18 {aiming for hxg6.} ({But not} 17. Qxe7 $6 Bxe6 18. a4 Rhe8 $16) 17... Bxf7 18. a4 {[%cal Ra4b5]} a5 19. Qxe7 ({Much less strong is} 19. Qxe4 $6 b4 $18) 19... Bd5 $2 (19... Qc7 20. Qxc7+ Kxc7 21. axb5 g5 22. Rxa5 Ra8) 20. axb5 cxb5 21. hxg6 {[%mdl 64] [#] Overworked Piece} Qxg6 22. Rxa5 {Rh6! is the strong threat.} Qxg2 23. Qc5+ {[%mdl 64] Double Attack. Accuracy: White = 73%, Black = 20%.} 1-0

[Event "XXXIX Benasque Open 2019"]
[Site "Benasque"]
[Date "2019.07.04"]
[Round "1.2"]
[White "Saez Gabikagogeaskoa, Oscar"]
[Black "Hovhannisyan, Robert"]
[Result "0-1"]
[WhiteElo "1975"]
[BlackElo "2640"]
[Annotator "TA"]
[PlyCount "34"]
[EventDate "2019.07.04"]
[EventType "swiss"]
[EventCountry "ESP"]
[SourceTitle "playchess.com"]
[Source "ChessBase"]
[SourceQuality "1"]

{[%evp 13,34,20,8,1,0,-18,-14,-57,-50,-237,-241,-246,-238,-245,-251,-244,-232,-210,-224,-283,-288,-847,-850]} 1. e4 c6 2. d4 d5 3. exd5 cxd5 4. c4 Nf6 5. Nc3 Nc6 6. Nf3 a6 7. cxd5 Nxd5 8. h3 {B13: Caro-Kann: Exchange Variation and Panov-Botvinnik Attack} (8. Bc4 Be6 9. Qe2 Nxc3 10. bxc3 Bxc4 11. Qxc4 e6 12. Rb1 Qd7 13. Qb3 b5 14. a4 Na5 15. Qc2 Bd6 16. axb5 axb5 {1-0 (70) Kryvoruchko,Y (2707)-Fier,A (2580) Dubai 2014}) 8... Bf5 $146 {[#] Threatens to win with ...Ndb4.} ({Predecessor:} 8... g6 9. Qb3 e6 10. Nxd5 Qxd5 11. Qxd5 exd5 12. a3 Bg7 13. Be3 O-O 14. Bd3 b5 15. b4 Re8 {1-0 (39) Laszlo,P (1902)-Arany,T (1840) Hungary 2013}) 9. a3 e6 10. g4 {The position is equal.} Bg6 11. Ne5 $2 {[#]} (11. Bg2 $15) 11... Nxc3 $1 $19 12. bxc3 Nxe5 13. dxe5 Qa5 14. Bg2 Qxc3+ 15. Bd2 Qxe5+ 16. Be3 Bc5 ({Weaker is} 16... Rd8 17. Qa4+ Rd7 18. Rc1 $17) 17. Rc1 $2 (17. O-O Bxe3 18. fxe3) 17... Bxe3 0-1

[Event "XXXIX Benasque Open 2019"]
[Site "Benasque"]
[Date "2019.07.04"]
[Round "1.3"]
[White "Banusz, Tamas"]
[Black "Savitha Shri B"]
[Result "1-0"]
[WhiteElo "2626"]
[BlackElo "1975"]
[Annotator "TA"]
[PlyCount "38"]
[EventDate "2019.07.04"]
[EventType "swiss"]
[EventCountry "ESP"]
[SourceTitle "playchess.com"]
[Source "ChessBase"]
[SourceQuality "1"]

{[%evp 1,1,16]} 1. Nf3 {Predecessor:} d5 $146 2. d4 Nf6 3. c4 e6 4. g3 Be7 5. Bg2 O-O 6. O-O dxc4 7. Qc2 a6 8. Qxc4 b5 9. Qc2 Bb7 10. Bd2 Be4 11. Qc1 c6 12. a4 Nbd7 13. Nc3 Bg6 14. Nh4 Bh5 15. Bf3 b4 16. Na2 Bxf3 17. Nxf3 c5 18. Rd1 a5 19. dxc5 Bxc5 {1-0 (48) Yu,Y (2784)-Wang,H (2795) Hengshui 2019} 1-0

[Event "XXXIX Benasque Open 2019"]
[Site "Benasque"]
[Date "2019.07.04"]
[Round "1.4"]
[White "Garcia Escoda, Marc"]
[Black "Ter-Sahakyan, Samvel"]
[Result "0-1"]
[WhiteElo "1969"]
[BlackElo "2625"]
[Annotator "TA"]
[PlyCount "80"]
[EventDate "2019.07.04"]
[EventType "swiss"]
[EventCountry "ESP"]
[SourceTitle "playchess.com"]
[Source "ChessBase"]
[SourceQuality "1"]

{[%evp 9,80,34,29,-14,-13,-42,-36,-29,-49,-36,-47,-39,-3,-30,-21,-12,-22,-20,-12,-10,-6,-29,-23,-54,-25,-28,-13,-47,-36,-49,-20,-20,-14,-57,-54,-71,-55,-111,-109,-96,-98,-106,-120,-101,-81,-101,-22,-43,-42,-89,-32,-29,-22,-26,-27,-112,-113,-318,-203,-249,-252,-357,-336,-413,-396,-455,-445,-520,-507,-935,-935,-1889,-1769]} 1. e4 e5 2. Nf3 Nc6 3. Bb5 g6 4. c3 a6 5. Bxc6 (5. Ba4 Bg7 6. d4 exd4 7. cxd4 b5 8. Bb3 Nge7 9. O-O d6 10. d5 Na5 11. Bc2 c5 12. Nc3 O-O 13. h3 {1-0 (86) Nakamura,H (2761)-Nepomniachtchi,I (2773) Abidjan 2019}) 5... dxc6 6. Nxe5 {C60: Ruy Lopez: Unusual Black 3rd moves and 3...g6} Qg5 7. d4 Qxg2 {[%mdl 64] [#] Double Attack} 8. Qf3 $1 {[%mdl 512] Black is slightly better.} Qxf3 9. Nxf3 Nf6 10. O-O $146 ({Predecessor:} 10. Nbd2 c5 11. O-O cxd4 12. Nxd4 {½-½ (73) Kecskemeti,A (2297)-Saksham,R (2064) Paracin 2018}) 10... Bg7 11. Re1 Bg4 12. Ne5 Be6 13. Nd3 O-O-O 14. Nc5 Bg4 15. Bf4 Nh5 16. Be3 Kb8 17. Nd2 Bc8 18. Nc4 f5 19. Bg5 Rde8 20. exf5 gxf5 21. Kh1 b6 $36 {[%mdl 2048] White is under pressure.} 22. Nd3 Bb7 23. Kg1 {[#]} (23. Rxe8+ $1 $15 Rxe8 24. Kg1) 23... Reg8 $1 $17 {[%cal Be8g8,Bg8g5,Bg5a5][%mdl 32] Threatens to win with ...Bf6.} 24. Kf1 {[#]} Bxd4 $1 {[%mdl 512]} 25. cxd4 {Black must now prevent Be3.} Rxg5 26. Nce5 {next Nf7 is good for White.} Rhg8 27. Rac1 f4 ({Black should play} 27... Ka8 $17) 28. Nf3 Ra5 29. Re7 Ng7 (29... Rxa2 $17 30. Nfe5 {[#]} f3 $1 {[%mdl 512]}) 30. a3 $15 Rb5 31. b4 a5 32. a4 (32. Nde5 $11 {remains equal.}) 32... Rd5 $17 {aiming for ...Ba6.} 33. b5 $2 {[#]} (33. bxa5 $17 Ba6 34. Rc3 Rxa5 35. Nfe5) 33... c5 $1 {[%mdl 512]} 34. Nde5 (34. dxc5 Nf5) 34... Nf5 {[%mdl 64] Double Attack} 35. Rxh7 (35. Rd7 $142 Nxd4 36. Rxd5 Bxd5 37. Nxd4 cxd4 38. Nc6+ Kb7 39. Nxd4) 35... Nxd4 $19 36. Nxd4 Rxd4 37. Re7 Rxa4 {Black is clearly winning.} 38. Nd7+ Kc8 39. Rd1 (39. Nf6 $142 Bg2+ 40. Kg1) 39... Bg2+ 40. Ke1 Bf3 {Accuracy: White = 32%, Black = 61%.} 0-1

[Event "XXXIX Benasque Open 2019"]
[Site "Benasque"]
[Date "2019.07.04"]
[Round "1.5"]
[White "Deac, Bogdan-Daniel"]
[Black "De Lucas Bello, Federico"]
[Result "1-0"]
[WhiteElo "2621"]
[BlackElo "1964"]
[Annotator "ChessBase"]
[PlyCount "49"]
[EventDate "2019.07.04"]
[EventType "swiss"]
[EventCountry "ESP"]
[SourceTitle "playchess.com"]
[Source "ChessBase"]
[SourceQuality "1"]
[TimeControl "5400+30"]

1. e4 {[%emt 0:00:00]} c5 {[%emt 0:03:57]} 2. Nc3 {[%emt 0:00:30]} d6 {[%emt 0:00:17]} 3. d4 {[%emt 0:00:05]} cxd4 {[%emt 0:00:25]} 4. Qxd4 {[%emt 0:00:03]} Nc6 {[%emt 0:00:58]} 5. Qd2 {[%emt 0:00:03]} g6 {[%emt 0:00:30]} 6. b3 {[%emt 0:00:02]} Bh6 {[%emt 0:00:45]} 7. f4 {[%emt 0:00:08]} Nf6 {[%emt 0:00:50]} 8. Bb2 {[%emt 0:00:03]} O-O {[%emt 0:00:30]} 9. O-O-O {[%emt 0:00:04]} Bg4 {[%emt 0:01:25]} 10. Be2 {[%emt 0:01:01]} Bxe2 {[%emt 0:01:55]} 11. Ngxe2 {[%emt 0:00:05]} Rc8 {[%emt 0:02:04]} 12. Kb1 {[%emt 0:04:18]} Bg7 {[%emt 0:05:01]} 13. h3 {[%emt 0:04:28]} a6 {[%emt 0:03:28]} 14. g4 {[%emt 0:00:06]} b5 {[%emt 0:01:48]} 15. Ng3 {[%emt 0:09:11]} Qa5 {[%emt 0:16:58]} 16. Nd5 {[%emt 0:18:52]} Qxd2 {[%emt 0:00:41]} 17. Rxd2 {[%emt 0:00:04]} Nd7 {[%emt 0:02:36]} 18. h4 {[%emt 0:00:28]} Bxb2 {[%emt 0:04:46]} 19. Kxb2 {[%emt 0:00:03]} Rfd8 {[%emt 0:04:12]} 20. h5 {[%emt 0:09:32]} a5 {[%emt 0:02:21]} 21. hxg6 {[%emt 0:05:09]} fxg6 {[%emt 0:00:21]} 22. Rdh2 {[%emt 0:00:04]} Nf8 {[%emt 0:01:52]} 23. f5 {[%emt 0:00:32]} Kf7 {[%emt 0:00:38]} 24. Rxh7+ {[%emt 0:07:17]} Nxh7 {[%emt 0:01:52]} 25. Rxh7+ {[%emt 0:00:02]} 1-0

[Event "XXXIX Benasque Open 2019"]
[Site "Benasque"]
[Date "2019.07.04"]
[Round "1.6"]
[White "Martinez De Navascues, Francisco"]
[Black "Indjic, Aleksandar"]
[Result "0-1"]
[WhiteElo "1962"]
[BlackElo "2604"]
[Annotator "ChessBase"]
[PlyCount "92"]
[EventDate "2019.07.04"]
[EventType "swiss"]
[EventCountry "ESP"]
[SourceTitle "playchess.com"]
[Source "ChessBase"]
[SourceQuality "1"]
[TimeControl "5400+30"]

1. b3 {[%emt 0:00:00]} e5 {[%emt 0:00:54]} 2. Bb2 {[%emt 0:00:00]} Nc6 {[%emt 0:00:33]} 3. e3 {[%emt 0:00:00]} g6 {[%emt 0:00:55]} 4. d4 {[%emt 0:00:54]} exd4 {[%emt 0:02:21]} 5. Nf3 {[%emt 0:00:03]} Bb4+ {[%emt 0:09:43]} 6. Nbd2 {[%emt 0:04:04]} Bc3 {[%emt 0:00:33]} 7. Bxc3 {[%emt 0:01:46]} dxc3 {[%emt 0:00:09]} 8. Ne4 {[%emt 0:00:37]} Nf6 {[%emt 0:00:19]} 9. Nxc3 {[%emt 0:02:36]} O-O {[%emt 0:00:10]} 10. Be2 {[%emt 0:16:42]} d5 {[%emt 0:01:24]} 11. O-O {[%emt 0:00:46]} Qd6 {[%emt 0:02:20]} 12. Nb5 {[%emt 0:04:53]} Qe7 {[%emt 0:00:09]} 13. c4 {[%emt 0:13:53]} dxc4 {[%emt 0:00:48]} 14. Bxc4 {[%emt 0:00:14]} Na5 {[%emt 0:00:20]} 15. Be2 {[%emt 0:09:56]} a6 {[%emt 0:00:48]} 16. Nc3 {[%emt 0:00:56]} Rd8 {[%emt 0:00:56]} 17. Qc1 {[%emt 0:02:46]} b5 {[%emt 0:00:17]} 18. Rd1 {[%emt 0:00:53]} Bb7 {[%emt 0:02:11]} 19. Qb2 {[%emt 0:02:25]} c5 {[%emt 0:02:04]} 20. Rxd8+ {[%emt 0:04:11]} Rxd8 {[%emt 0:00:32]} 21. Rd1 {[%emt 0:00:08]} Rc8 {[%emt 0:00:14]} 22. Nb1 {[%emt 0:07:46]} Nc6 {[%emt 0:11:22]} 23. a4 {[%emt 0:01:30]} b4 {[%emt 0:02:17]} 24. Nbd2 {[%emt 0:02:29]} Nd5 {[%emt 0:00:10]} 25. Nc4 {[%emt 0:02:50]} Nc3 {[%emt 0:00:20]} 26. Rd3 {[%emt 0:02:38]} Rc7 {[%emt 0:09:04]} 27. Qd2 {[%emt 0:00:48]} Bc8 {[%emt 0:00:17]} 28. Nd6 {[%emt 0:08:57]} Be6 {[%emt 0:00:38]} 29. Bd1 {[%emt 0:01:32]} Bd5 {[%emt 0:06:45]} 30. Nc4 {[%emt 0:05:30]} Bxc4 {[%emt 0:00:13]} 31. bxc4 {[%emt 0:00:02]} Na5 {[%emt 0:01:43]} 32. Rd8+ {[%emt 0:02:49]} Kg7 {[%emt 0:00:09]} 33. Bc2 {[%emt 0:00:52]} Nxc4 {[%emt 0:00:52]} 34. Qd3 {[%emt 0:00:21]} Nb2 {[%emt 0:02:16]} 35. Qd6 Qxd6 {[%emt 0:00:16]} 36. Rxd6 {[%emt 0:00:14]} c4 {[%emt 0:00:13]} 37. Nd4 {[%emt 0:01:37]} b3 {[%emt 0:00:13]} 38. Bxb3 {[%emt 0:00:08]} cxb3 {[%emt 0:00:05]} 39. Nxb3 {[%emt 0:00:10]} Ncxa4 {[%emt 0:00:46]} 40. h4 {[%emt 0:00:36]} Rb7 {[%emt 0:00:51]} 41. Nd4 {[%emt 0:00:08]} Rb6 {[%emt 0:00:25]} 42. Rd7 {[%emt 0:00:04]} Nc5 {[%emt 0:00:16]} 43. Ra7 {[%emt 0:00:04]} Rb7 {[%emt 0:00:09]} 44. Ra8 {[%emt 0:00:10]} Nbd3 {[%emt 0:00:08]} 45. h5 {[%emt 0:00:15]} Rb1+ {[%emt 0:00:14]} 46. Kh2 {[%emt 0:00:08]} Nxf2 {[%emt 0:00:08]} 0-1

[Event "XXXIX Benasque Open 2019"]
[Site "Benasque"]
[Date "2019.07.04"]
[Round "1.7"]
[White "Martinez Alcantara, Jose Eduardo"]
[Black "Gonzalez Manchon, Juan Miguel"]
[Result "1-0"]
[WhiteElo "2601"]
[BlackElo "1961"]
[Annotator "ChessBase"]
[PlyCount "67"]
[EventDate "2019.07.04"]
[EventType "swiss"]
[EventCountry "ESP"]
[SourceTitle "playchess.com"]
[Source "ChessBase"]
[SourceQuality "1"]
[TimeControl "5400+30"]

1. c4 {[%emt 0:00:00]} g6 {[%emt 0:01:26]} 2. Nf3 {[%emt 0:00:00]} Bg7 {[%emt 0:00:05]} 3. d4 {[%emt 0:00:00]} Nf6 {[%emt 0:00:25]} 4. g3 {[%emt 0:00:08]} O-O {[%emt 0:00:38]} 5. Bg2 {[%emt 0:00:08]} d6 {[%emt 0:00:47]} 6. O-O {[%emt 0:00:18]} Nc6 {[%emt 0:00:18]} 7. Nc3 {[%emt 0:00:06]} a6 {[%emt 0:00:17]} 8. Bf4 {[%emt 0:00:07]} Nxd4 {[%emt 0:06:48]} 9. Qxd4 {[%emt 0:05:31]} e5 {[%emt 0:00:04]} 10. Nxe5 {[%emt 0:03:03]} dxe5 {[%emt 0:00:06]} 11. Bxe5 {[%emt 0:01:31]} c6 {[%emt 0:05:23]} 12. Rad1 {[%emt 0:02:14]} Bf5 {[%emt 0:05:46]} 13. e4 {[%emt 0:08:46]} Bg4 {[%emt 0:04:35]} 14. f3 {[%emt 0:01:42]} Be6 {[%emt 0:00:08]} 15. c5 {[%emt 0:05:00]} Qxd4+ {[%emt 0:03:34]} 16. Rxd4 {[%emt 0:03:35]} Nd5 {[%emt 0:00:37]} 17. Bxg7 {[%emt 0:00:33]} Nxc3 {[%emt 0:00:14]} 18. bxc3 {[%emt 0:00:04]} Kxg7 {[%emt 0:00:06]} 19. a3 {[%emt 0:00:11]} Rae8 {[%emt 0:05:38]} 20. f4 {[%emt 0:01:06]} f6 {[%emt 0:01:24]} 21. h4 {[%emt 0:01:35]} Re7 {[%emt 0:02:01]} 22. Kh2 {[%emt 0:01:58]} Rfe8 {[%emt 0:00:51]} 23. Rb1 {[%emt 0:00:17]} g5 {[%emt 0:05:19]} 24. hxg5 {[%emt 0:04:13]} fxg5 {[%emt 0:00:08]} 25. Rf1 {[%emt 0:00:28]} Bc8 {[%emt 0:04:24]} 26. Rd6 {[%emt 0:05:48]} Rf7 {[%emt 0:10:19]} 27. e5 {[%emt 0:11:48]} Ref8 {[%emt 0:08:13]} 28. e6 {[%emt 0:04:19]} Rf6 {[%emt 0:02:15]} 29. Bh3 {[%emt 0:07:10]} Rh6 {[%emt 0:07:15]} 30. Kg2 {[%emt 0:00:44]} gxf4 {[%emt 0:02:01]} 31. gxf4 {[%emt 0:07:25]} Rh5 {[%emt 0:05:42]} 32. Bg4 {[%emt 0:03:12]} Rxc5 {[%emt 0:07:00]} 33. e7 {[%emt 0:00:01]} Bxg4 {[%emt 0:00:24]} 34. Rd8 {[%emt 0:00:39]} 1-0

[Event "XXXIX Benasque Open 2019"]
[Site "Benasque"]
[Date "2019.07.04"]
[Round "1.8"]
[White "Pes Mateo, Angel"]
[Black "Bartel, Mateusz"]
[Result "0-1"]
[WhiteElo "1961"]
[BlackElo "2600"]
[Annotator "ChessBase"]
[PlyCount "54"]
[EventDate "2019.07.04"]
[EventType "swiss"]
[EventCountry "ESP"]
[SourceTitle "playchess.com"]
[Source "ChessBase"]
[SourceQuality "1"]
[TimeControl "5400+30"]

1. d4 {[%emt 0:00:00]} Nf6 {[%emt 0:00:00]} 2. Nf3 {[%emt 0:00:00]} b6 {[%emt 0:00:00]} 3. Bf4 {[%emt 0:00:45]} Bb7 {[%emt 0:00:00]} 4. Nbd2 {[%emt 0:00:33]} Nh5 {[%emt 0:01:45]} 5. e3 {[%emt 0:02:28]} Nxf4 {[%emt 0:01:23]} 6. exf4 {[%emt 0:00:15]} g6 {[%emt 0:00:12]} 7. Bd3 {[%emt 0:03:21]} Bg7 {[%emt 0:01:34]} 8. O-O {[%emt 0:02:33]} e6 {[%emt 0:00:07]} 9. Re1 {[%emt 0:03:17]} O-O {[%emt 0:00:11]} 10. c3 {[%emt 0:01:48]} c5 {[%emt 0:03:44]} 11. Ne4 {[%emt 0:04:35]} d5 {[%emt 0:02:49]} 12. Neg5 {[%emt 0:01:37]} Nc6 {[%emt 0:02:18]} 13. Ne5 {[%emt 0:13:56]} cxd4 {[%emt 0:03:02]} 14. cxd4 {[%emt 0:00:32]} Nxd4 {[%emt 0:08:52]} 15. Bxg6 {[%emt 0:04:50]} hxg6 {[%emt 0:05:23]} 16. Qxd4 {[%emt 0:05:36]} f6 {[%emt 0:00:07]} 17. Nxe6 {[%emt 0:03:45]} fxe5 {[%emt 0:00:06]} 18. fxe5 {[%emt 0:06:58]} Qe7 {[%emt 0:00:32]} 19. Nxf8 {[%emt 0:01:05]} Rxf8 {[%emt 0:00:11]} 20. Rac1 {[%emt 0:00:16]} Rf5 {[%emt 0:07:24]} 21. f4 {[%emt 0:02:28]} g5 {[%emt 0:00:35]} 22. g3 {[%emt 0:02:17]} gxf4 {[%emt 0:00:50]} 23. gxf4 {[%emt 0:00:25]} Qh4 {[%emt 0:00:25]} 24. Rf1 {[%emt 0:19:27]} Rxe5 {[%emt 0:05:43]} 25. Qd1 {[%emt 0:02:02]} Re7 {[%emt 0:16:35]} 26. Rc2 {[%emt 0:02:49]} d4 {[%emt 0:00:23]} 27. Rcf2 {[%emt 0:00:57]} Re3 {[%emt 0:01:04]} 0-1

[Event "XXXIX Benasque Open 2019"]
[Site "Benasque"]
[Date "2019.07.04"]
[Round "1.9"]
[White "Markus, Robert"]
[Black "Laplaza Ara, Carlos"]
[Result "1-0"]
[WhiteElo "2595"]
[BlackElo "1960"]
[Annotator "ChessBase"]
[PlyCount "81"]
[EventDate "2019.07.04"]
[EventType "swiss"]
[EventCountry "ESP"]
[SourceTitle "playchess.com"]
[Source "ChessBase"]
[SourceQuality "1"]
[TimeControl "5400+30"]

1. d4 {[%emt 0:00:00]} d5 {[%emt 0:00:00]} 2. c4 {[%emt 0:00:00]} e6 {[%emt 0:00:00]} 3. Nf3 {[%emt 0:00:00]} Nf6 {[%emt 0:00:00]} 4. g3 {[%emt 0:00:00]} Be7 {[%emt 0:00:52]} 5. Bg2 {[%emt 0:00:09]} O-O {[%emt 0:00:24]} 6. O-O {[%emt 0:01:17]} b6 {[%emt 0:02:34]} 7. cxd5 {[%emt 0:01:53]} exd5 {[%emt 0:00:21]} 8. Nc3 {[%emt 0:00:52]} Bb7 {[%emt 0:03:26]} 9. b3 {[%emt 0:01:16]} c5 {[%emt 0:00:49]} 10. Bb2 {[%emt 0:00:15]} Nc6 {[%emt 0:00:38]} 11. Rc1 {[%emt 0:01:24]} Rc8 {[%emt 0:00:59]} 12. e3 {[%emt 0:11:19]} Ne4 {[%emt 0:10:28]} 13. dxc5 {[%emt 0:02:09]} Nxc3 {[%emt 0:02:33]} 14. Bxc3 {[%emt 0:00:07]} bxc5 {[%emt 0:00:32]} 15. Qd2 {[%emt 0:00:23]} Qd6 {[%emt 0:03:49]} 16. Qb2 {[%emt 0:03:09]} f6 {[%emt 0:01:37]} 17. Rfd1 {[%emt 0:01:00]} Rfd8 {[%emt 0:00:55]} 18. Ne1 {[%emt 0:03:16]} Qe6 {[%emt 0:02:02]} 19. Nd3 {[%emt 0:00:55]} d4 {[%emt 0:10:10]} 20. exd4 {[%emt 0:09:26]} cxd4 {[%emt 0:01:26]} 21. Bd2 {[%emt 0:02:44]} Qd7 {[%emt 0:03:36]} 22. Re1 {[%emt 0:03:24]} Bf8 {[%emt 0:01:28]} 23. b4 {[%emt 0:02:16]} Re8 {[%emt 0:02:40]} 24. Rxe8 {[%emt 0:06:21]} Rxe8 {[%emt 0:00:48]} 25. Qb3+ {[%emt 0:05:30]} Kh8 {[%emt 0:01:05]} 26. Qa4 {[%emt 0:03:07]} Rc8 {[%emt 0:02:48]} 27. b5 {[%emt 0:06:22]} Ne5 {[%emt 0:00:52]} 28. Nxe5 {[%emt 0:00:27]} Rxc1+ {[%emt 0:00:59]} 29. Bxc1 {[%emt 0:00:04]} fxe5 {[%emt 0:00:11]} 30. Qxa7 {[%emt 0:01:00]} Qc8 {[%emt 0:01:52]} 31. Qxb7 {[%emt 0:01:11]} Qxc1+ {[%emt 0:00:27]} 32. Bf1 {[%emt 0:00:04]} h6 {[%emt 0:06:10]} 33. Qb8 {[%emt 0:03:32]} Qc5 {[%emt 0:01:03]} 34. Bd3 {[%emt 0:03:12]} Qd6 {[%emt 0:01:22]} 35. Qe8 {[%emt 0:01:35]} Qe7 {[%emt 0:02:32]} 36. Qg6 {[%emt 0:00:08]} Kg8 {[%emt 0:00:20]} 37. b6 {[%emt 0:02:40]} Qd6 {[%emt 0:01:43]} 38. Qe8 {[%emt 0:02:18]} Qe7 {[%emt 0:02:21]} 39. Qa8 {[%emt 0:01:47]} Qa3 {[%emt 0:01:38]} 40. b7 {[%emt 0:01:17]} Qc1+ {[%emt 0:00:26]} 41. Bf1 {[%emt 0:00:11]} 1-0

[Event "XXXIX Benasque Open 2019"]
[Site "Benasque"]
[Date "2019.07.04"]
[Round "1.10"]
[White "Rollan Vallejos, Javier"]
[Black "Rasmussen, Allan Stig"]
[Result "0-1"]
[WhiteElo "1959"]
[BlackElo "2569"]
[Annotator "ChessBase"]
[PlyCount "58"]
[EventDate "2019.07.04"]
[EventType "swiss"]
[EventCountry "ESP"]
[SourceTitle "playchess.com"]
[Source "ChessBase"]
[SourceQuality "1"]
[TimeControl "5400+30"]

1. e4 c6 {[%emt 0:00:03]} 2. d4 {[%emt 0:00:00]} d5 {[%emt 0:00:07]} 3. exd5 {[%emt 0:00:19]} cxd5 {[%emt 0:00:06]} 4. Bd3 {[%emt 0:00:37]} Nc6 {[%emt 0:00:17]} 5. c3 {[%emt 0:00:24]} Qc7 {[%emt 0:01:29]} 6. Nf3 {[%emt 0:08:31]} Bg4 {[%emt 0:01:47]} 7. Nbd2 {[%emt 0:02:24]} e6 {[%emt 0:01:39]} 8. O-O {[%emt 0:08:28]} Bd6 {[%emt 0:00:43]} 9. Qc2 {[%emt 0:01:07]} Nge7 {[%emt 0:03:41]} 10. Re1 {[%emt 0:02:10]} O-O-O {[%emt 0:02:55]} 11. b4 {[%emt 0:04:31]} Kb8 {[%emt 0:11:29]} 12. b5 {[%emt 0:07:16]} Na5 {[%emt 0:01:11]} 13. a4 {[%emt 0:01:44]} Rc8 {[%emt 0:07:43]} 14. Ba3 {[%emt 0:04:01]} Bxa3 {[%emt 0:03:06]} 15. Rxa3 {[%emt 0:00:11]} Bf5 {[%emt 0:01:59]} 16. Rb1 {[%emt 0:16:42]} Qd6 {[%emt 0:03:13]} 17. Ra2 {[%emt 0:03:50]} f6 {[%emt 0:02:47]} 18. Nb3 {[%emt 0:02:19]} Nxb3 {[%emt 0:06:28]} 19. Rxb3 {[%emt 0:00:21]} Bg4 {[%emt 0:01:22]} 20. Nd2 {[%emt 0:02:53]} e5 {[%emt 0:00:12]} 21. Qb2 {[%emt 0:03:21]} Rhe8 {[%emt 0:03:38]} 22. Rb4 {[%emt 0:04:35]} Bf5 {[%emt 0:08:00]} 23. Bf1 {[%emt 0:02:42]} Ng6 {[%emt 0:17:16]} 24. Nb3 {[%emt 0:01:19]} Nf4 {[%emt 0:01:02]} 25. Nc5 {[%emt 0:13:07]} exd4 {[%emt 0:00:31]} 26. cxd4 Re1 {[%emt 0:01:09]} 27. Ra1 {[%emt 0:00:57]} Rce8 {[%emt 0:08:31]} 28. Rc1 {[%emt 0:01:30]} Ne2+ {[%emt 0:00:52]} 29. Kh1 Rxc1 {[%emt 0:00:16]} 0-1

[Event "XXXIX Benasque Open 2019"]
[Site "Benasque"]
[Date "2019.07.05"]
[Round "2.1"]
[White "Rojano Alfonso, Carlos"]
[Black "Piorun, Kacper"]
[Result "0-1"]
[WhiteElo "2206"]
[BlackElo "2656"]
[Annotator "TA"]
[PlyCount "86"]
[EventDate "2019.07.04"]
[EventType "swiss"]
[EventCountry "ESP"]
[SourceTitle "playchess.com"]
[Source "ChessBase"]
[SourceQuality "1"]

{[%evp 14,86,-8,-96,-36,-32,-35,-30,-51,-72,-77,-129,-126,-129,-124,-118,-55,-57,-31,-23,-25,-64,-54,-65,-55,-83,-82,-83,-80,-110,-81,-192,-190,-296,-293,-294,-291,-314,-303,-341,-347,-325,-277,-270,-255,-243,-196,-203,-196,-333,-338,-308,-341,-318,-334,-346,-346,-404,-416,-597,-597,-1255,-1237,-1230,-1174,-1095,-823,-6179,-6179,-6323,-6303,-6095,-5189,-2262,-1370]} 1. b3 g6 2. Bb2 Nf6 3. f4 Bg7 4. Nf3 d5 5. e3 O-O 6. Be2 c5 7. O-O Nc6 8. d3 (8. Ne5 $11) 8... Ng4 {A03: Bird's Opening with 1...d5} ({Black should play} 8... d4 $17 {And now ...Nd5 would win.} 9. exd4 cxd4) (8... b6 9. Ne5 Bb7 10. Nd2 d4 11. Nxc6 Bxc6 12. e4 Rc8 13. Nc4 b5 14. Ne5 Bb7 15. a4 a6 16. axb5 axb5 17. Bf3 Nd7 18. Nxd7 Qxd7 {0-1 (65) Shytaj,L (2435)-Tregubov,P (2585) Doha 2016}) 9. Bxg7 $15 Kxg7 10. Qd2 d4 {Black has an edge.} 11. e4 Ne3 12. Re1 (12. Rf2 $142) 12... Qc7 $17 13. g3 e5 14. fxe5 Nxe5 ({Better is} 14... Bg4 $17 15. Na3 Bxf3 16. Bxf3 Nxe5) 15. c3 $146 ({Predecessor:} 15. Nxe5 Qxe5 16. Na3 {0-1 (42) Mayer,H (1965)-Federer,H (2111) Berlin 2016}) 15... Nxf3+ 16. Bxf3 Be6 $36 {[%mdl 2048] Black has some pressure.} 17. cxd4 cxd4 18. Na3 Rac8 {[%cal Ba8c8,Bc8c3,Bc3d3][%mdl 32]} 19. Qb2 Qc3 20. Qxc3 Rxc3 21. e5 Rfc8 {Strongly threatening ...R8c5.} 22. Bxb7 (22. Nb5 $17) 22... R8c5 $19 23. Re2 (23. Nb1 {keeps fighting.} Rxd3 24. Be4) 23... Bg4 ({Don't play} 23... Rxd3 24. Rae1 $19) 24. Ree1 Rxd3 25. Rac1 Rxe5 26. Nb1 Ra5 27. Be4 Rd1 28. a4 Rxe1+ 29. Rxe1 Bd1 30. Nd2 {intending Nc4.} Rc5 31. Bf3 (31. Nc4 $142 Bxb3 32. Nxe3 dxe3 33. Rxe3 Bxa4 34. Ra3) 31... Rc2 32. Bxd1 Rxd2 {[%mdl 4096] Endgame KRB-KRN} 33. Bf3 Rb2 34. a5 Rxb3 35. a6 Ra3 36. Bb7 (36. Rb1 $142) 36... d3 {aiming for ...d2.Black is clearly winning.} 37. Rxe3 {[#]} d2 $1 {[%mdl 512]} 38. Rxa3 d1=Q+ 39. Kg2 Qd2+ 40. Kh3 h5 41. Rb3 f5 42. Rb5 g5 43. Rd5 Qf2 {Accuracy: White = 40%, Black = 72%.} 0-1